Bytový dom

Saved in:
Bibliographic Details
Main Author: Kajan, Dominik (Author)
Other Authors: Piatka, Jaroslav (Thesis advisor)
Format: Manuscript Book
Language:Slovak
Published: 2015
Subjects:
Online Access:http://is.stuba.sk/zp/portal_zp.pl?podrobnosti=109000
https://opac.crzp.sk/?fn=detailBiblioForm&sid=FF44C990A7CA883E4B8E5A929FD7
Tags: Add Tag
No Tags, Be the first to tag this record!

MARC

LEADER 00000ntm a22000003a 4500
001 stuzp52551
003 SK-STU
005 20230622132108.4
007 ta
008 150427s2015----xo-----f-mn---000-0-slo-d
040 |a STU  |b slo 
041 0 |a slo 
100 1 |a Kajan, Dominik  |u 010270  |4 aut  |U SvF Stavebná fakulta  |T SvF Katedra technológie stavieb  |X 7743  |U V270  |Y 28  |7 7743 
242 0 1 |a Appartment building  |y eng 
245 1 0 |a Bytový dom 
260 |c 2015 
650 4 |a bytový dom  |2 slo 
650 4 |a časový plán výstavby  |2 slo 
650 4 |a vodovodná prípojka  |2 slo 
650 4 |a výstavba  |2 slo 
650 4 |a appartement building  |2 eng 
650 4 |a timeline of construction  |2 eng 
650 4 |a water connection  |2 eng 
650 4 |a construction  |2 eng 
700 1 |a Piatka, Jaroslav  |4 ths  |X 12146  |7 A000012146 
856 4 |u http://is.stuba.sk/zp/portal_zp.pl?podrobnosti=109000 
856 4 |u https://opac.crzp.sk/?fn=detailBiblioForm&sid=FF44C990A7CA883E4B8E5A929FD7 
SQL |a stuzp52551  |b DBP  |c SLO  |d Bytový dom  |e 7743  |f Kajan, Dominik  |g 010270  |h 12146  |i Piatka, Jaroslav  |j 20150623  |k 6  |l 01  |m http://is.stuba.sk/zp/portal_zp.pl?podrobnosti=109000  |n B-TMS  |o 5.2.8. stavebníctvo